<?xml version="1.0" encoding="UTF-8"?>
<record
    xmlns:xsi="http://www.w3.org/2001/XMLSchema-instance"
    xsi:schemaLocation="http://www.loc.gov/MARC21/slim http://www.loc.gov/standards/marcxml/schema/MARC21slim.xsd"
    xmlns="http://www.loc.gov/MARC21/slim">

  <leader>00975nam a22002657a 4500</leader>
  <controlfield tag="005">20140508113046.0</controlfield>
  <datafield tag="010" ind1=" " ind2=" ">
    <subfield code="a">ENG-105870</subfield>
  </datafield>
  <datafield tag="020" ind1=" " ind2=" ">
    <subfield code="a">9780198065647</subfield>
    <subfield code="c">4350.00</subfield>
  </datafield>
  <datafield tag="020" ind1=" " ind2=" ">
    <subfield code="a">0198065647</subfield>
    <subfield code="c">4350.00</subfield>
  </datafield>
  <datafield tag="035" ind1=" " ind2=" ">
    <subfield code="a">EN-89403</subfield>
  </datafield>
  <datafield tag="035" ind1=" " ind2=" ">
    <subfield code="a">B-513991-996</subfield>
  </datafield>
  <datafield tag="037" ind1=" " ind2=" ">
    <subfield code="b">DBAD/PUB</subfield>
  </datafield>
  <datafield tag="037" ind1=" " ind2=" ">
    <subfield code="b">BSB/Ven</subfield>
    <subfield code="a">dpl</subfield>
  </datafield>
  <datafield tag="082" ind1="0" ind2="4">
    <subfield code="a">912.54</subfield>
    <subfield code="2">23</subfield>
  </datafield>
  <datafield tag="100" ind1="1" ind2=" ">
    <subfield code="a">Habib, Irfan,</subfield>
    <subfield code="d">1931-</subfield>
  </datafield>
  <datafield tag="245" ind1="1" ind2="0">
    <subfield code="a">Atlas of Ancient Indian History /</subfield>
    <subfield code="c">by Irfan Habib [and] Faiz Habib</subfield>
  </datafield>
  <datafield tag="260" ind1=" " ind2=" ">
    <subfield code="a">New Delhi </subfield>
    <subfield code="b">Oxford University Press</subfield>
    <subfield code="c">2012</subfield>
  </datafield>
  <datafield tag="270" ind1=" " ind2=" ">
    <subfield code="a">YMCA Library Building, 1 Jai Singh Road</subfield>
    <subfield code="b">New Delhi</subfield>
    <subfield code="e">110001</subfield>
  </datafield>
  <datafield tag="300" ind1=" " ind2=" ">
    <subfield code="a">xvii, 133 p. :</subfield>
    <subfield code="b">col. maps </subfield>
    <subfield code="c">45cm(Hb)</subfield>
  </datafield>
  <datafield tag="490" ind1=" " ind2=" ">
    <subfield code="a">"This is a part of Aligarh Historians Society series"--T.p. verso</subfield>
  </datafield>
  <datafield tag="500" ind1=" " ind2=" ">
    <subfield code="a">Includes bibliographical references and index</subfield>
  </datafield>
  <datafield tag="700" ind1="1" ind2=" ">
    <subfield code="a">Habib, Faiz,</subfield>
    <subfield code="d">1962- ,</subfield>
    <subfield code="9">52394</subfield>
  </datafield>
  <datafield tag="942" ind1=" " ind2=" ">
    <subfield code="2">ddc</subfield>
    <subfield code="c">EN</subfield>
    <subfield code="h">912.54</subfield>
    <subfield code="m">IRF</subfield>
  </datafield>
  <datafield tag="999" ind1=" " ind2=" ">
    <subfield code="c">70049</subfield>
    <subfield code="d">70049</subfield>
  </datafield>
  <datafield tag="952" ind1=" " ind2=" ">
    <subfield code="0">0</subfield>
    <subfield code="1">0</subfield>
    <subfield code="2">ddc</subfield>
    <subfield code="4">0</subfield>
    <subfield code="7">1</subfield>
    <subfield code="8">REF</subfield>
    <subfield code="a">ZLS</subfield>
    <subfield code="b">ZLS</subfield>
    <subfield code="d">2012-09-17</subfield>
    <subfield code="e">DBAD / PUB</subfield>
    <subfield code="g">4350.00</subfield>
    <subfield code="l">0</subfield>
    <subfield code="o">912.54 IRF</subfield>
    <subfield code="p">EN-89403</subfield>
    <subfield code="r">2012-09-17 00:00:00</subfield>
    <subfield code="t">1</subfield>
    <subfield code="v">4350.00</subfield>
    <subfield code="w">2012-09-17</subfield>
    <subfield code="y">EN</subfield>
  </datafield>
  <datafield tag="952" ind1=" " ind2=" ">
    <subfield code="0">0</subfield>
    <subfield code="1">0</subfield>
    <subfield code="4">0</subfield>
    <subfield code="7">1</subfield>
    <subfield code="8">REF</subfield>
    <subfield code="a">L</subfield>
    <subfield code="b">L</subfield>
    <subfield code="d">2014-05-08</subfield>
    <subfield code="e">BSB/89214.03.2013/169/08.03.2013/23.03.2013</subfield>
    <subfield code="g">4350.00</subfield>
    <subfield code="l">0</subfield>
    <subfield code="o">912.54 IRF</subfield>
    <subfield code="p">B-513991</subfield>
    <subfield code="r">2014-05-08 00:00:00</subfield>
    <subfield code="t">1</subfield>
    <subfield code="v">4350.00</subfield>
    <subfield code="w">2014-05-08</subfield>
    <subfield code="y">EN</subfield>
  </datafield>
  <datafield tag="952" ind1=" " ind2=" ">
    <subfield code="0">0</subfield>
    <subfield code="1">0</subfield>
    <subfield code="4">0</subfield>
    <subfield code="7">1</subfield>
    <subfield code="8">REF</subfield>
    <subfield code="a">BL1</subfield>
    <subfield code="b">BL1</subfield>
    <subfield code="d">2014-05-08</subfield>
    <subfield code="e">BSB/89214.03.2013/169/08.03.2013/23.03.2013</subfield>
    <subfield code="g">4350.00</subfield>
    <subfield code="l">0</subfield>
    <subfield code="o">912.54 IRF</subfield>
    <subfield code="p">B-513992</subfield>
    <subfield code="r">2014-05-08 00:00:00</subfield>
    <subfield code="t">1</subfield>
    <subfield code="v">4350.00</subfield>
    <subfield code="y">EN</subfield>
  </datafield>
  <datafield tag="952" ind1=" " ind2=" ">
    <subfield code="0">0</subfield>
    <subfield code="1">0</subfield>
    <subfield code="4">0</subfield>
    <subfield code="7">1</subfield>
    <subfield code="8">REF</subfield>
    <subfield code="a">JP</subfield>
    <subfield code="b">JP</subfield>
    <subfield code="d">2014-05-08</subfield>
    <subfield code="e">BSB/89214.03.2013/169/08.03.2013/23.03.2013</subfield>
    <subfield code="g">4350.00</subfield>
    <subfield code="l">0</subfield>
    <subfield code="o">912.54 IRF</subfield>
    <subfield code="p">B-513993</subfield>
    <subfield code="r">2014-05-08 00:00:00</subfield>
    <subfield code="t">1</subfield>
    <subfield code="v">4350.00</subfield>
    <subfield code="y">EN</subfield>
  </datafield>
  <datafield tag="952" ind1=" " ind2=" ">
    <subfield code="0">0</subfield>
    <subfield code="1">0</subfield>
    <subfield code="4">0</subfield>
    <subfield code="7">1</subfield>
    <subfield code="8">REF</subfield>
    <subfield code="a">ZLS</subfield>
    <subfield code="b">ZLS</subfield>
    <subfield code="d">2014-05-08</subfield>
    <subfield code="e">BSB/89214.03.2013/169/08.03.2013/23.03.2013</subfield>
    <subfield code="g">4350.00</subfield>
    <subfield code="l">0</subfield>
    <subfield code="o">912.54 IRF</subfield>
    <subfield code="p">B-513994</subfield>
    <subfield code="r">2014-05-08 00:00:00</subfield>
    <subfield code="t">1</subfield>
    <subfield code="v">4350.00</subfield>
    <subfield code="y">EN</subfield>
  </datafield>
  <datafield tag="952" ind1=" " ind2=" ">
    <subfield code="0">0</subfield>
    <subfield code="1">0</subfield>
    <subfield code="4">0</subfield>
    <subfield code="7">1</subfield>
    <subfield code="8">REF</subfield>
    <subfield code="a">BL3</subfield>
    <subfield code="b">BL3</subfield>
    <subfield code="d">2014-05-08</subfield>
    <subfield code="e">BSB/89214.03.2013/169/08.03.2013/23.03.2013</subfield>
    <subfield code="g">4350.00</subfield>
    <subfield code="l">0</subfield>
    <subfield code="o">912.54 IRF</subfield>
    <subfield code="p">B-513995</subfield>
    <subfield code="r">2014-05-08 00:00:00</subfield>
    <subfield code="t">1</subfield>
    <subfield code="v">4350.00</subfield>
    <subfield code="y">EN</subfield>
  </datafield>
  <datafield tag="952" ind1=" " ind2=" ">
    <subfield code="0">0</subfield>
    <subfield code="1">0</subfield>
    <subfield code="4">0</subfield>
    <subfield code="7">1</subfield>
    <subfield code="8">REF</subfield>
    <subfield code="a">BL4</subfield>
    <subfield code="b">BL4</subfield>
    <subfield code="d">2014-05-08</subfield>
    <subfield code="e">BSB/89214.03.2013/169/08.03.2013/23.03.2013</subfield>
    <subfield code="g">4350.00</subfield>
    <subfield code="l">0</subfield>
    <subfield code="o">912.54 IRF</subfield>
    <subfield code="p">B-513996</subfield>
    <subfield code="r">2014-05-08 00:00:00</subfield>
    <subfield code="t">1</subfield>
    <subfield code="v">4350.00</subfield>
    <subfield code="y">EN</subfield>
  </datafield>
</record>
